Selected issues of the social security system transformation in Slovakia
Na minha lista:
| Autor principal: | |
|---|---|
| Outros Autores: | |
| Formato: | Capítulo de Livro |
| Idioma: | inglês |
| Tags: |
Sem tags, seja o primeiro a adicionar uma tag!
|
MARC
| LEADER | 00000naa$a2200000$$$4500 | ||
|---|---|---|---|
| 001 | 0062247 | ||
| 005 | 20240502083150.0 | ||
| 041 | 0 | |a eng | |
| 044 | |a PL | ||
| 245 | 1 | 0 | |a Selected issues of the social security system transformation in Slovakia |c František Peller, Lea Škrovánková |
| 100 | 1 | |a Peller, František | |
| 700 | 1 | |a Škrovánková, Lea, 1954- | |